Countries that have a score of 0 in the welcoming index - Statistics

General Stats
  • This quiz has been taken 24 times
  • The average score is 21 of 44
Answer Stats
Country % Correct
North Korea
80%
Australia
70%
Brazil
65%
Canada
65%
Bolivia
60%
Colombia
60%
Laos
60%
New Zealand
60%
Russia
60%
Uruguay
60%
Afghanistan
55%
Brunei
55%
Cambodia
55%
Chile
55%
Israel
55%
Paraguay
55%
Costa Rica
50%
Honduras
50%
Mongolia
50%
Oman
50%
Panama
50%
Saudi Arabia
50%
Taiwan
50%
Timor Leste
50%
Vietnam
50%
Belize
45%
Fiji
45%
Indonesia
45%
Malaysia
45%
Peru
45%
Qatar
45%
Turkmenistan
45%
Bahamas
40%
Dominica
40%
Azerbaijan
35%
Jamaica
35%
Marshall Islands
35%
Solomon Islands
35%
Armenia
30%
Georgia
30%
Kuwait
30%
Mauritius
30%
Botswana
20%
Eswatini
15%
No matching quizzes found
Score Distribution
Percent of People with Each Score
Percentile by Number Answered
Your Score History
You have not taken this quiz